LEADER 02958nam 2200673 a 450 001 9910789405303321 005 20230725031528.0 010 $a1-283-14421-2 010 $a9786613144218 010 $a981-4293-64-4 035 $a(CKB)2670000000095732 035 $a(EBL)731346 035 $a(OCoLC)738434199 035 $a(SSID)ssj0000521362 035 $a(PQKBManifestationID)12187519 035 $a(PQKBTitleCode)TC0000521362 035 $a(PQKBWorkID)10518160 035 $a(PQKB)10764805 035 $a(MiAaPQ)EBC731346 035 $a(WSP)00007603 035 $a(Au-PeEL)EBL731346 035 $a(CaPaEBR)ebr10480138 035 $a(CaONFJC)MIL314421 035 $a(EXLCZ)992670000000095732 100 $a20110712d2011 uy 0 101 0 $aeng 135 $aurcn||||||||| 181 $ctxt 182 $cc 183 $acr 200 10$aCardiac fibrillation-defibrillation$b[electronic resource] $eclinical and engineering aspects /$fMax E. Valentinuzzi 210 $aHackensack, N.J. $cWorld Scientific$d2011 215 $a1 online resource (250 p.) 225 1 $aSeries on bioengineering and biomedical engineering ;$vv. 6 300 $aDescription based upon print version of record. 311 $a981-4293-63-6 320 $aIncludes bibliographical references and index. 327 $aCONTENTS; Preface; Acknowledgments; Introduction; 1. Fibrillation; 2. Defibrillation; 3. Defibrillators; 4. Ventricular Fibrillation Detection; 5. Electrodes and Pastes; 6. Safety and Efficacy; 7. Theoretical Models; 8. Final Discussion, Overall Conclusions, and Looking Ahead; References; About the Authors; Index 330 $aThis compendium gives a comprehensive overview of the advances in fibrillation-defibrillation knowledge - recognition of fibrillation as a unique life threatening cardiac arrhythmia; discovery of the electric discharge in its double role of culprit and savior; and technological improved contributions. The book stands on the well-known philosophy of Education-Based on Problems (or EBP), that is, take fibrillation as a medical daily problem and search for that knowledge, technique or principle. The book is interdisciplinary, multidisciplinary and transdisciplinary. It addresses undergraduate and 410 0$aSeries on bioengineering and biomedical engineering ;$vv. 6. 606 $aVentricular fibrillation 606 $aAtrial fibrillation 606 $aDefibrillators 606 $aCardiac pacing 606 $aHeart$xDiseases 615 0$aVentricular fibrillation. 615 0$aAtrial fibrillation. 615 0$aDefibrillators. 615 0$aCardiac pacing. 615 0$aHeart$xDiseases. 676 $a616.1280645 700 $aValentinuzzi$b Max E$0604935 801 0$bMiAaPQ 801 1$bMiAaPQ 801 2$bMiAaPQ 906 $aBOOK 912 $a9910789405303321 996 $aCardiac fibrillation-defibrillation$93707137 997 $aUNINA LEADER 03090nam 2200793z- 450 001 9910566462803321 005 20220506 035 $a(CKB)5680000000037753 035 $a(oapen)https://directory.doabooks.org/handle/20.500.12854/81088 035 $a(oapen)doab81088 035 $a(EXLCZ)995680000000037753 100 $a20202205d2022 |y 0 101 0 $aeng 135 $aurmn|---annan 181 $ctxt$2rdacontent 182 $cc$2rdamedia 183 $acr$2rdacarrier 200 00$aEnvironmental Restoration of Metal-Contaminated Soils 210 $aBasel$cMDPI - Multidisciplinary Digital Publishing Institute$d2022 215 $a1 online resource (118 p.) 311 08$a3-0365-3363-X 311 08$a3-0365-3364-8 330 $aThis Special Issue entitled "Environmental Restoration of Metal-Contaminated Soils" focuses on the issues linked to soils contaminated with heavy metals and metalloids, dealing with current research activities around the world at the laboratory and field scale. These activities are the pillars for the application of strategies on a real-world scale, to remediate industrial soils affected by the problem. When an industrial soil contains pollutants, the main problem is the removal of these compounds. However, other features are present, linked to the health of the population living in its proximity. This Special Issue reports experimental run findings with the aim of removing heavy metals and/or metalloids from soil, making use of challenging techniques, and also demonstrating approaches for the assessment of the risks to human health. 606 $aResearch and information: general$2bicssc 610 $aadsorption 610 $aameliorants 610 $aamendment 610 $abioaccessibility 610 $abioavailability 610 $acitric acid 610 $acontaminated sites 610 $acontaminated soil 610 $acopper 610 $adisturbed lands 610 $aedible plants 610 $aEDTA 610 $aelectrokinetic remediation 610 $aenvironmental remediation 610 $aheavy metals 610 $aheavy metals and metalloids 610 $ahydrophobic 610 $ametal 610 $ametals 610 $amicrofluidics 610 $an/a 610 $anatural sorbents 610 $apH change 610 $apollution 610 $areclamation 610 $arecultivation 610 $arehabilitation 610 $aremediation 610 $aremoval techniques 610 $arenaturation 610 $arestoration 610 $arevitalization 610 $arisk assessment 610 $aseedling biomass 610 $asoil amelioration 610 $aurban gardens 615 7$aResearch and information: general 700 $aChiampo$b Fulvia$4edt$01326246 702 $aZacchini$b Massimo$4edt 702 $aChiampo$b Fulvia$4oth 702 $aZacchini$b Massimo$4oth 906 $aBOOK 912 $a9910566462803321 996 $aEnvironmental Restoration of Metal-Contaminated Soils$93037209 997 $aUNINA LEADER 04334oam 2200721I 450 001 9910968564503321 005 20251117082215.0 010 $a1-135-18845-9 010 $a1-135-18846-7 010 $a1-282-57615-1 010 $a9786612576157 010 $a0-203-86360-7 024 7 $a10.4324/9780203863602 035 $a(CKB)2550000000005265 035 $a(EBL)472486 035 $a(OCoLC)609694679 035 $a(SSID)ssj0000441746 035 $a(PQKBManifestationID)12139496 035 $a(PQKBTitleCode)TC0000441746 035 $a(PQKBWorkID)10444051 035 $a(PQKB)10309450 035 $a(SSID)ssj0000365262 035 $a(PQKBManifestationID)12103454 035 $a(PQKBTitleCode)TC0000365262 035 $a(PQKBWorkID)10402913 035 $a(PQKB)11662293 035 $a(MiAaPQ)EBC472486 035 $a(Au-PeEL)EBL472486 035 $a(CaPaEBR)ebr10370219 035 $a(CaONFJC)MIL257615 035 $a(OCoLC)609694679 035 $a(EXLCZ)992550000000005265 100 $a20180706d2010 uy 0 101 0 $aeng 135 $aur|n|---||||| 181 $ctxt 182 $cc 183 $acr 200 00$aResearching violence, democracy and the rights of people /$fedited by John F. Schostak and Jill Schostak 205 $a1st ed. 210 1$aLondon ;$aNew York :$cRoutledge,$d2010. 215 $a1 online resource (269 p.) 300 $aDescription based upon print version of record. 311 08$a0-415-47878-2 311 08$a0-415-47877-4 327 $aBook Cover; Title; Copyright; Contents; Editors; Contributors; Introduction; Part A Design, values, violence and rights; Chapter 1 Values, violence and rights; Part B Research accounts; Introduction to Part B; Chapter 2 Rethinking justice in education and training; Chapter 3 Between justice and pathologization: Juxtapositions of epistemic and material violence in transnational migration and domestic violence research; Methodological discussion section i: Values, justice, knowledge and identity; Chapter 4 The scarf unveiled: Proximity to the test of law in a French school 327 $aChapter 5 Social research and 'race': Developing a critical paradigmChapter 6 Violence, social exclusion and construction of identities in early childhood education; Methodological discussion section ii: Resisting identities and boundaries; Chapter 7 '(Don't) change the subject. You did it': Media and schooling as violence; Chapter 8 'Charlie why ya hideing': The role of myth and emotion in the lives of young people living in a high crime area; Chapter 9 Passionate places and fragmented spaces; Chapter 10 The return of the repressed 327 $aMethodological discussion section iii: Places - visible, invisible and their 'dis/contents'Chapter 11 Manufacturing fear: The violence of anti-politics; Chapter 12 Militarizing higher education: Resisting the pedagogy of violence; Methodological discussion section iv: The language of critical resistance, emancipatory practices, and the co-option of research by Power; Part C Framing the design and writing up; Chapter 13 Writing for emancipatory research; Critical conclusions for new beginnings; Notes; Index 330 $aViolence, democracy and rights are issues that are not fully addressed in research methodology literatures, yet violence is of vital interest in substantive and theoretical debates across the social sciences, education, philosophy, politics and cultural studies. Methodology needs to be informed by, and be relevant to, the debates and practices within and across these perspectives on the worlds of everyday life.Research is fundamentally entwined with the political, the ethical and the legal. When it presumes the neutrality of method and ignores its radical roots of inquiry, it is in d 606 $aViolence$xResearch$xMethodology 606 $aSchool violence$xResearch$xMethodology 615 0$aViolence$xResearch$xMethodology. 615 0$aSchool violence$xResearch$xMethodology. 676 $a303.601 676 $a303.6072 701 $aSchostak$b Jill$01877021 701 $aSchostak$b John F$01877022 801 0$bFlBoTFG 801 1$bFlBoTFG 906 $aBOOK 912 $a9910968564503321 996 $aResearching violence, democracy and the rights of people$94488995 997 $aUNINA